The noble scholar, jurist, historian


 His Excellency Dr. Abdul Wahhab bin Ibrahim Abu Sulaiman, may Allah have mercy on him.


 He was born in Umm Al-Qura in the year 1356 AH.

أحكام الجوار في الفقه الإسلامي / (Record no. 4669)

MARC details
000 -LEADER
fixed length control field 02798cam a2200361 i 4500
003 - CONTROL NUMBER IDENTIFIER
control field SA-RiAUC
005 - DATE AND TIME OF LATEST TRANSACTION
control field 20250113075629.0
008 - FIXED-LENGTH DATA ELEMENTS--GENERAL INFORMATION
fixed length control field 250107s1995 su f 00010 ara c
024 0# - OTHER STANDARD IDENTIFIER
Standard number or code 00000000982653
040 ## - CATALOGING SOURCE
Original cataloging agency SA-JeALM
Language of cataloging ara
Transcribing agency SA-RiAUC
Modifying agency AE-DuMBRL
Description conventions rda
050 #4 - LIBRARY OF CONGRESS CALL NUMBER
Item number .I26 1995
082 04 - DEWEY DECIMAL CLASSIFICATION NUMBER
Classification number 212.6
Assigning agency SA-RiAUC
090 ## - LOCALLY ASSIGNED LC-TYPE CALL NUMBER (OCLC); LOCAL CALL NUMBER (RLIN)
Classification number (OCLC) (R) ; Classification number, CALL (RLIN) (NR) 212.6
Local cutter number (OCLC) ; Book number/undivided call number, CALL (RLIN) ا ب ن ف
100 1# - MAIN ENTRY--PERSONAL NAME
Personal name ابن فايع، عبد الرحمن بن أحمد بن محمد
Relator term مؤلف.
245 10 - TITLE STATEMENT
Title أحكام الجوار في الفقه الإسلامي /
Statement of responsibility, etc. تأليف عبد الرحمن بن أحمد بن محمد بن فايع.
250 ## - EDITION STATEMENT
Edition statement الطبعة الأولى.
264 #1 - PRODUCTION, PUBLICATION, DISTRIBUTION, MANUFACTURE, AND COPYRIGHT NOTICE
Place of production, publication, distribution, manufacture جدة، المملكة العربية السعودية :
Name of producer, publisher, distributor, manufacturer دار الأندلس الخضراء للنشر والتوزيع،
Date of production, publication, distribution, manufacture, or copyright notice 1995.
300 ## - PHYSICAL DESCRIPTION
Extent 374 صفحة ؛
Dimensions 24 ×17 سم.
336 ## - CONTENT TYPE
Content type term نص
Content type code txt
Source rdacontent
Materials specified كتاب
337 ## - MEDIA TYPE
Media type term بدون وسيط
Media type code n
Source rdamedia
338 ## - CARRIER TYPE
Carrier type term مجلد
Carrier type code nc
Source rdacarrier
490 0# - SERIES STATEMENT
Series statement سلسة الرسائل الجامعية ؛
Volume/sequential designation 3
500 ## - GENERAL NOTE
General note الأصل أطروحة (ماجستير)
500 ## - GENERAL NOTE
General note توجد ملاحظات من الشيخ الدكتور عبدالوهاب أبو سليمان رحمه الله في داخل الكتاب.
520 ## - SUMMARY, ETC.
Summary, etc. يتناول كتاب (أحكام الجوار في الفقه الإسلامي) والذي قام بتأليفه عبد الرحمن بن أحمد بن محمد بن فايع، موضوع (الجوار) هذا الكتاب رسالة علمية في موضوع له أهمية كبيرة في حياة الناس الواقعية، وذلك لما تقتضيه طبيعة الجوار من التصرفات الكثيرة فيحتاج إلى بيان أحكامها. خاصة وضعف الوازع الديني عند بعض الناس، فكان لابد من بيان الأحكام الشرعية التي تحفظ للمجتمع أمنه واستقراره، وتحمل الناس على أداء حقوق جيرانهم وكف الأذى عنهم. حيث أن الأحكام المتعلقة بالجوار متفرقة في أبواب كثيرة من أبواب الفقه؛ كأبواب الصلح، والشفقة، والوصايا، ونحو ذلك، فرأى الباحث جمع هذه الأحكام في هذا الكتاب.
650 #7 - SUBJECT ADDED ENTRY--TOPICAL TERM
Topical term or geographic name entry element حقوق الجار (أخلاق إسلامية)
Source of heading or term aucsh
650 #7 - SUBJECT ADDED ENTRY--TOPICAL TERM
Topical term or geographic name entry element الآداب الإسلامية
Source of heading or term aucsh
650 #7 - SUBJECT ADDED ENTRY--TOPICAL TERM
Topical term or geographic name entry element الأخلاق الإسلامية
Source of heading or term aucsh
856 4# - ELECTRONIC LOCATION AND ACCESS
Uniform Resource Identifier <a href="https://catalog.loc.gov/vwebv/staffView?searchId=10575&recPointer=1&recCount=25&bibId=5384412">https://catalog.loc.gov/vwebv/staffView?searchId=10575&recPointer=1&recCount=25&bibId=5384412</a>
942 ## - ADDED ENTRY ELEMENTS (KOHA)
Source of classification or shelving scheme Dewey Decimal Classification
Koha item type Books
Suppress in OPAC No
949 ## - LOCAL PROCESSING INFORMATION (OCLC)
a SA-JeALM
d 250107
u mohamedma123
n 1
Holdings
Withdrawn status Lost status Source of classification or shelving scheme Damaged status Not for loan Collection Home library Current library Date acquired Total checkouts Full call number Barcode Date last seen Price effective from Koha item type
    Dewey Decimal Classification     ملاحظات DR AbdElwahab Library DR AbdElwahab Library 01/13/2025   212.6 ا ب ن ف 000007509 01/13/2025 01/13/2025 Books